[Event "Principal 2022/2023"]
[Site "Vitrolles"]
[Date "2023.03.04"]
[Round "7.4"]
[White "Derige Kane, Yan"]
[Black "Haddad, Oussama"]
[Result "1-0"]
[WhiteElo "2204"]
[BlackElo "2027"]
[PlyCount "168"]

1. d4 Nf6 2. Bg5 Ne4 3. Bf4 d5 4. e3 Bf5 5. Bd3 e6 6. Nd2 Nd7 7. g4 Bg6 8. h4
Nxd2 9. Qxd2 Bxd3 10. Qxd3 c5 11. c3 Qb6 12. Qc2 Be7 13. Ne2 Rc8 14. g5 f6 15.
gxf6 Bxf6 16. O-O-O Qa6 17. Kb1 b5 18. Rhg1 b4 19. Bg5 O-O 20. Rg2 Bxg5 21.
hxg5 bxc3 22. Nxc3 cxd4 23. exd4 Rf4 24. Rh2 Nf8 25. Rh3 Rf5 26. Qd2 Qd6 27.
Nb5 Qb8 28. Rb3 a6 29. Nc3 Qh2 30. Rf1 Qg2 31. Qe2 Qxg5 32. Qxa6 Rc4 33. Rb8
Rf6 34. Qd6 Rxd4 35. a4 Qg2 36. Rc1 Qxf2 37. a5 Qf5+ 38. Ka2 e5 39. Qa3 Qd7 40.
Nb5 Rc4 41. Rxc4 dxc4 42. a6 Rf2 43. a7 Qd1 44. Rxf8+ Rxf8 45. Qxf8+ Kxf8 46.
a8=Q+ Ke7 47. Qb7+ Qd7 48. Qb6 Qe6 49. Qc5+ Kf6 50. Nc7 Qf7 51. Nd5+ Kf5 52.
Ne3+ Ke4 53. Nxc4 Qd5 54. Qe3+ Kf5 55. b3 g5 56. Qg3 Kf6 57. Qf2+ Kg6 58. Qb6+
Kh5 59. Qc7 Qa8+ 60. Kb2 Qg2+ 61. Ka3 Qe4 62. Qxe5 Qxe5 63. Nxe5 g4 64. b4 g3
65. b5 g2 66. Nf3 Kg4 67. Ng1 Kg3 68. b6 Kf2 69. Nh3+ Kg3 70. Ng1 Kf2 71. b7
Kxg1 72. b8=Q Kf2 73. Qf4+ Ke2 74. Qe4+ Kf1 75. Qf3+ Kg1 76. Qf4 Kh1 77. Qh4+
Kg1 78. Qxh7 Kf2 79. Qf5+ Kg3 80. Qg5+ Kf3 81. Kb3 Kf2 82. Qf4+ Ke2 83. Qg3 Kf1
84. Qf3+ Kg1 1-0

[Event "Principal 2022/2023"]
[Site "Vitrolles"]
[Date "2023.03.04"]
[Round "7.5"]
[White "Baroyan, Davit"]
[Black "Avanesyan, Davit"]
[Result "1-0"]
[WhiteElo "2201"]
[BlackElo "2145"]
[PlyCount "66"]

1. Nf3 Nf6 2. Ng1 Ng8 3. Nc3 Nc6 4. Nf3 Nf6 5. Nb1 Nb8 6. g3 b6 7. Bg2 Bb7 8.
c4 e6 9. b3 Be7 10. O-O O-O 11. d4 d5 12. Nc3 dxc4 13. bxc4 Ne4 14. Bb2 Nxc3
15. Bxc3 Bf6 16. Qc2 c5 17. Rad1 Qe7 18. d5 Bxc3 19. Qxc3 exd5 20. cxd5 Qxe2
21. Rfe1 Qb5 22. Re7 Nd7 23. Nh4 Rab8 24. Nf5 Nf6 25. Nh6+ Kh8 26. Nxf7+ Kg8
27. Nd6 Qa4 28. Rde1 Ba6 29. Nf5 Rf7 30. Rxf7 Kxf7 31. Re7+ Kf8 32. Rxg7 Qd1+
33. Bf1 Nxd5 1-0

[Event "Principal 2022/2023"]
[Site "Vitrolles"]
[Date "2023.25.03"]
[Round "8"]
[White "Anton, Jose"]
[Black "Busson, Benoit"]
[Result "0-1"]
[WhiteElo "1755"]
[BlackElo "1847"]
[PlyCount "44"]

1. e4 e5 2. d4 exd4 3. Qxd4 Nc6 4. Qe3 g6 5. Nc3 Bg7 6. Bd2 Nf6 7. O-O-O O-O 8.
h4 Re8 9. f3 d5 10. Qf4 dxe4 11. fxe4 Ne5 12. Be2 h5 13. Nf3 Nfg4 14. Qg3 c6
15. Kb1 b5 16. Bf4 Qe7 17. Nxe5 Nxe5 18. Rd2 Be6 19. Rhd1 Bc4 20. Bg5 Qb4 21.
Rd6 Bxe2 22. Nxe2 Nc4 0-1

[Event "Principal 2022/2023"]
[Site "Vitrolles"]
[Date "2023.04.03"]
[Round "8"]
[White "Nobili, Denis"]
[Black "Rasolo, Loick"]
[Result "1/2-1/2"]
[WhiteElo "1830"]
[BlackElo "1962"]
[PlyCount "111"]

1. d4 d6 2. e4 g6 3. Nc3 Bg7 4. f4 a6 5. a4 Nd7 6. Nf3 c5 7. Be3 Nh6 8. a5 Ng4
9. Bg1 e6 10. dxc5 Nxc5 11. e5 Qc7 12. h3 Nh6 13. exd6 Qc6 14. Bd4 f6 15. Bf2
Ne4 16. Nxe4 Qxe4+ 17. Be2 Qxf4 18. O-O Nf5 19. Bc5 Ng3 20. Re1 Ne4 21. Ra4 f5
22. Bd3 Bd7 23. Raxe4 fxe4 24. Rxe4 Qf7 25. c3 O-O 26. Qb3 Qf5 27. Bb6 Rae8 28.
Re3 Qd5 29. Qxd5 exd5 30. Kf2 Bh6 31. Rxe8 Rxe8 32. b3 Bf8 33. Bc7 Re6 34. c4
Bxd6 35. cxd5 Bc5+ 36. Kg3 Re3 37. Bc4 Kf8 38. Kf4 Ke8 39. Bb8 Bf5 40. Ng5 Kd7
41. Ne6 Re4+ 42. Kf3 Re3+ 43. Kf4 Bxe6 44. dxe6+ Ke7 45. Bc7 Re1 46. Kf3 Ra1
47. Bd5 Bb4 48. Bxb7 Bxa5 49. Bg3 Bc3 50. Bd5 a5 51. Bf2 Bf6 52. Bc5+ Kd8 53.
Ke4 Kc7 54. Kd3 Kd8 55. Kc4 Rc1+ 56. Kb5 1/2-1/2

[Event "Principal 2022/2023"]
[Site "Vitrolles"]
[Date "2023.04.03"]
[Round "8"]
[White "Baroyan, Davit"]
[Black "Derige Kane, Yan"]
[Result "1-0"]
[WhiteElo "2201"]
[BlackElo "2204"]
[PlyCount "201"]

1. Nf3 d5 2. g3 Nf6 3. Bg2 e6 4. O-O Be7 5. c4 O-O 6. d4 c6 7. Qc2 b6 8. Ne5
Bb7 9. Nc3 Nbd7 10. e4 Nxe5 11. dxe5 Nxe4 12. Nxe4 dxe4 13. Bxe4 g6 14. Be3 Qc7
15. c5 Qxe5 16. cxb6 axb6 17. Bxb6 Qb5 18. Bd4 c5 19. Bc3 Bd5 20. a4 Qb7 21.
Rfe1 Rfd8 22. a5 Bf8 23. Qe2 Bg7 24. Qe3 Bxc3 25. bxc3 Qc7 26. a6 Qc6 27. a7
Rd7 28. Bxd5 Qxd5 29. Qf4 Kg7 30. Qb8 Rdxa7 31. Qxa7 Rxa7 32. Rxa7 Qd2 33. Re3
Qd1+ 34. Kg2 Qd5+ 35. Rf3 e5 36. Raxf7+ Kg8 37. Rf8+ Kg7 38. R8f7+ Kg8 39. Rf8+
Kg7 40. Kh3 e4 41. R3f4 e3 42. R8f7+ Kg8 43. fxe3 Qe6+ 44. Kg2 Qxe3 45. Rf3
Qe2+ 46. Rf2 Qe4+ 47. R7f3 Kg7 48. h4 Qc4 49. Re3 Qd5+ 50. Kh2 Qd6 51. Rfe2 Qf6
52. Kg2 Qc6+ 53. Kf2 Qf6+ 54. Rf3 Qd6 55. Ke1 Kh6 56. Re4 Qd5 57. Rfe3 Qa2 58.
Re7 Qb1+ 59. Kf2 Qc2+ 60. Kg1 Qb1+ 61. Kh2 Qc2+ 62. Re2 Qf5 63. R7e5 Qf3 64.
R5e3 Qf5 65. Re4 Qf6 66. R4e3 Qf5 67. Re1 Qd7 68. R1e2 Qf5 69. Re4 Qf6 70. c4
Qd8 71. Kh3 Qd1 72. g4 Qh1+ 73. Kg3 Qg1+ 74. Kf4 Qh1 75. g5+ Kh5 76. Ke5 Qd1
77. Ke6 Qd3 78. R2e3 Qd8 79. Kf7 Qd7+ 80. Kg8 h6 81. Re7 Qc8+ 82. Re8 Qa6 83.
gxh6 Kxh6 84. R3e4 Qa2 85. R8e7 Qa8+ 86. Kf7 Qc6 87. R4e6 Qa4 88. Rxg6+ Kh5 89.
Kg7 Qa1+ 90. Kh7 Qb1 91. Re5+ Kxh4 92. Rxc5 Qb7+ 93. Kh6 Qf3 94. Rcg5 Qf8+ 95.
Rg7 Qf6+ 96. R5g6 Qf4+ 97. Kh7 Qf5 98. c5 Kh5 99. c6 Qc2 100. c7 Qf5 101. c8=Q
1-0

[Event "Principal 2022/2023"]
[Site "Vitrolles"]
[Date "2023.04.03"]
[Round "9"]
[White "Hileyan, Michel"]
[Black "Nobili, Denis"]
[Result "1-0"]
[WhiteElo "1821"]
[BlackElo "1816"]
[PlyCount "134"]
[WhiteTeam "Echiquier Marseillais 1872"]
[BlackTeam "Club d'Echecs de Meyreuil"]

1. d4 Nf6 2. Bf4 d6 3. e3 g6 4. h3 Bg7 5. Nf3 O-O 6. Bd3 Nbd7 7. O-O Re8 8. Bc4
c6 9. a4 a5 10. c3 Qb6 11. Qc2 e5 12. Bh2 e4 13. Nfd2 d5 14. Be2 Nf8 15. c4 c5
16. dxc5 Qxc5 17. Nb3 Qe7 18. c5 Be6 19. Qd2 N6d7 20. Bd6 Qg5 21. Bf4 Qd8 22.
Rc1 Ne5 23. Bb5 Nfd7 24. Nd4 Rc8 25. Na3 Rf8 26. Bxd7 Bxd7 27. Bxe5 Bxe5 28. f4
exf3 29. Nxf3 Bg7 30. Nb5 Bc6 31. Ra3 Qe7 32. Nbd4 Bh6 33. Kf2 Rfe8 34. Rcc3
Qd7 35. Qc2 Re7 36. Nxc6 bxc6 37. Nd4 Rce8 38. Qe2 Bg7 39. Rd3 Re4 40. Qf3 R8e5
41. Rab3 Bf8 42. Qf6 Bxc5 43. Qxc6 Qxc6 44. Nxc6 Rf5+ 45. Ke2 Rxa4 46. Rb5 Bb4
47. Rxb4 axb4 48. Ne7+ Kg7 49. Nxf5+ gxf5 50. Rxd5 Ra2 51. Rd2 Kf6 52. Kd3 Ke5
53. Rf2 Ra1 54. Kc2 Re1 55. Kd3 Rd1+ 56. Kc2 Re1 57. Kd2 Rb1 58. Kd3 Rd1+ 59.
Kc4 Re1 60. Kxb4 Rxe3 61. Kc5 Rb3 62. Kc4 Rg3 63. b4 f4 64. b5 Ke4 65. b6 Ke3
66. Rf3+ Rxf3 67. gxf3 Kxf3 1-0

[Event "Principal 2022/2023"]
[Site "Vitrolles"]
[Date "2023.04.03"]
[Round "9"]
[White "Rasolo, Loick"]
[Black "Anton, Jose"]
[Result "1-0"]
[WhiteElo "1984"]
[BlackElo "1760"]
[PlyCount "43"]
[WhiteTeam "Marseille-Echecs"]
[BlackTeam "CE Vitrolles"]

1. d4 Nf6 2. Nc3 d5 3. Bf4 e6 4. e3 Bd7 5. Be2 Bb4 6. a3 Bxc3+ 7. bxc3 c6 8.
Qb1 Qa5 9. Qb4 Qxb4 10. axb4 O-O 11. f3 Rc8 12. Nh3 b6 13. Kd2 c5 14. dxc5 bxc5
15. b5 c4 16. b6 Bc6 17. Rxa7 Rxa7 18. bxa7 Na6 19. Ra1 Bb7 20. Rb1 Nc5 21.
Rxb7 Nxb7 22. Bb8 1-0

[Event "Principal 2022/2023"]
[Site "Vitrolles"]
[Date "2023.05.07"]
[Round "9"]
[White "Derige Kane, Yan"]
[Black "Baroyan, Davit"]
[Result "1-0"]
[WhiteElo "2204"]
[BlackElo "2200"]
[PlyCount "103"]
[WhiteTeam "Marseille Passion Echecs"]
[BlackTeam "Marseille-Echecs"]

1. d4 Nf6 2. c4 e6 3. Nc3 d5 4. cxd5 exd5 5. Bg5 Be7 6. e3 c6 7. Bd3 h6 8. Bf4
Nbd7 9. h3 Nf8 10. Nf3 Ne6 11. Bh2 Ng5 12. Ne5 Nge4 13. Qc2 Nxc3 14. bxc3 Nd7
15. f4 Nxe5 16. fxe5 Bh4+ 17. g3 Bg5 18. h4 Be7 19. O-O Be6 20. Bf5 Qd7 21. Rf3
O-O-O 22. Raf1 Rhf8 23. h5 Bxf5 24. Rxf5 f6 25. g4 fxe5 26. Bxe5 Bd6 27. Rxf8
Rxf8 28. Rxf8+ Bxf8 29. Qg6 Kd8 30. Kg2 Qe8 31. Qf5 Qe7 32. Bb8 a6 33. Ba7 Qe4+
34. Qxe4 dxe4 35. Bb8 Kd7 36. Kg3 Bd6+ 37. Bxd6 Kxd6 38. Kf4 Kd5 39. Kf5 Kc4
40. Kxe4 b5 41. Ke5 Kxc3 42. e4 b4 43. d5 cxd5 44. exd5 Kb2 45. d6 Kxa2 46. d7
b3 47. d8=Q b2 48. Qd2 Ka3 49. Qd3+ Kb4 50. Kd4 a5 51. Qc3+ Ka4 52. Qxb2 1-0